1313 1608 1204 1593 1397 1587 1249 1457 1461 1352 1872 1477 1523 1352 1360 1366 1730 1386 1167 1633 1235 1190 1130 1739 1595 1657 1410 1920 1349 1472 1075 1383 1813 1740 1747 1544 1592 1467 1382 1314 1297 1444 1104 1640 1636 1162 1951 1517 1313 1744 1630 1042 1022 1945 1716 1382 1229 1721 1190 1787 1473 1538 1494 1187 1312 1868 1218 1164 1421 1646 1367 1150 1855 1931 1231 1871 1666 1127 1464 1968 1244 1719 1746 1703 1992 1303 1377 1956 1324 1276 1602 1260 1556 1428 1702 1796 1229 1409 1396 BCNSPRNW ULIB Ver.6.0+V

เปลี่ยนเป็นภาษาไทย

Change to English
 แสดงรายละเอียดบรรณานุกรม
  กลับหน้าหลัก

Brief Record : Get Marc (ISO 2709) : E-mail record : QR code < ปิดหน้าต่าง
LEADER : 00000nam 2200000uu 4500
001    13399121603
003     ULIB
008    121126s2551||||th 000 0 tha d
020    ^a9789740621355
060 04 ^aWS460^bภ641ค
100 0  ^aภูฟ้า
245 10 ^aคู่มือวัยใส ไขเรื่องลับสำหรับวัยทีน (ส์) /^cภูฟ้า
260    ^aกรุงเทพฯ :^bฟีลกูด,^c2551
300    ^a224 หน้า
650  2 ^aAdolescent psychology
945    ^p165^l0^i15835
995    ^aวิภา
999 ^a ใช้งานได้ทุกระบบ
รายการนี้ยังไม่มีแท็ก
คุณยังไม่ได้ล็อกอิน คุณสามารถมีกิจกรรมร่วมกับเว็บไซต์ได้ แต่ต้องล็อกอินก่อน ::
  ล็อกอิน

รายการสื่อสารสนเทศ

ลำดับที่ ประเภท เลขเรียก/บาร์โค้ด สถานที่ สถานะ
- ไม่พบข้อมูล -

รายการใกล้เคียง
    ผู้แต่ง [ภูฟ้า]

    หัวเรื่อง [Adolescent psychology]

BibComment


ยังไม่เคยถูกคอมเมนท์

คอมเมนท์ทรัพยากรรายการนี้
  คอมเมนท์: คู่มือวัยใส ไขเร..


 Copyright 2026. Bcnsprnw @Library